Fungi : biology and applications

Other Authors: Kavanagh,
Published: Chichester: Wiley, 2005.
Subjects:
LEADER 00527cam a2200169 7i4500
001 0000036177
005 20061106090000.0
020 # 0 |a 0470867027 (pbk.)  
020 # 0 |a 0470867019 (hbk.)  
090 0 0 |a TP 248.27 F86   |b F8 
245 0 0 |a Fungi :   |b biology and applications   |c editor, Kevin Kavanagh. 
260 # # |a Chichester:   |b Wiley,   |c 2005. 
300 # # |a xii, 267 p.:   |b ill. (some col.);   |c 25 cm.. 
650 0 0 |a Fungi --   |x Biotechnology  
650 0 0 |a Fungi  
700 1 1 |a Kavanagh,   |h Kevin  
999 |a 1100043818  |b Book  |c Open Shelf  |e KOLEKSI TERBUKA